| 000 | 00690nam a2200229 a 4500 | ||
|---|---|---|---|
| 001 | BRCA_7829 | ||
| 005 | 20190320210020.0 | ||
| 008 | 011113s1924----gw-a######---#000-0#ger-# | ||
| 041 | _ager | ||
| 044 | _agw | ||
| 050 | 4 |
_aN6415 _b.W45 _c1924 |
|
| 100 | 1 |
_aWeisbach, Werner _919382 |
|
| 245 | 1 | 0 |
_aDie Kunst des Barock in Italien, Frankreich, Deutschland uns Spanien _cvon Werner Weisbach. |
| 260 |
_aBerlín _bPropylaen _c1924 |
||
| 300 |
_a535 p. _bil. (algunas a color), 440 láminas _c27 cm. |
||
| 440 | 0 |
_aPropylaen - Kunstgeschichte _v11 _919383 |
|
| 500 | _aY27 | ||
| 650 | 1 | 4 |
_aArte barroco _93994 |
| 650 | 1 | 4 |
_aArte y simbolismo cristianos _94853 |
| 902 | _aGFM | ||
| 942 |
_2lcc _cB |
||
| 999 |
_c7503 _d7503 |
||